Mejores 50 clubes de Europa - Estadísticas

Estadísticas generales
  • Esta prueba ha sido intentada 86 veces
  • La puntuación promedio es 32 de 50
Estadísticas de respuestas
Pos Club % Correcto
1 Real Madrid
100%
9 Barcelona
99%
2 Bayern Munich
99%
17 Manchester United
99%
5 Liverpool
96%
4 Manchester City
96%
26 Milan
96%
3 Inter
95%
6 Paris Saint-Germain
95%
11 Atlético de Madrid
93%
12 Chelsea
93%
25 Juventus
91%
10 Arsenal
89%
7 Borussia Dortmund
87%
8 Bayer Leverkusen
83%
43 Olympique Marsella
80%
13 Roma
80%
21 Tottenham
80%
32 Villarreal
78%
39 Ajax
76%
14 Benfica
76%
44 Olympique Lyon
76%
29 Real Betis
75%
34 Aston Villa
72%
33 Lazio
72%
30 Napoli
71%
20 Sporting CP
71%
18 PSV
68%
27 Porto
67%
23 Feyenoord
61%
42 Monaco
61%
16 Atalanta
58%
31 RB Leipzig
58%
36 Real Sociedad
57%
22 Fiorentina
54%
47 Galatasaray
47%
19 Club Brujas
45%
28 LOSC Lille
45%
24 West Ham
45%
35 Rangers
42%
15 Eintracht Frankfurt
36%
38 Olympiacos
28%
41 Fenerbahce
26%
49 Braga
24%
37 AZ Alkmaar
20%
45 Copenhaguen
18%
40 Bodø Glimt
12%
48 Union Saint-Gilloise
12%
46 Shakhtar Donetsk
9%
50 Viktoria Plzen
1%
No se encontraron pruebas coincidentes
Distribución de puntuación
Porcentaje de gente con cada puntuación
Porcentaje por número respondido
Historial de tus puntuaciones
No has intentado esta prueba.